| 000 | 00434nam a2200121Ia 4500 | ||
|---|---|---|---|
| 008 | 220620s9999||||xx |||||||||||||| ||und|| | ||
| 100 | _aMartÃn-Monje, Elena||Bárcena, Elena | ||
| 245 | 0 | _aLanguage MOOCs. Providing Learning, Transcending Boundaries | |
| 546 | _aEnglish[eng] | ||
| 650 | _aEmerging Technologies||Computer Assisted Language Learning||MOOCs | ||
| 856 | _uhttps://www.degruyter.com/view/product/455678 | ||
| 942 | _cEB | ||
| 999 |
_c29446 _d29446 |
||